Учет влияния аппаратурного контроля на коэффициент готовности одного класса цифровых информационных систем; Известия Томского политехнического института [Известия ТПИ]; Т. 294 : Автоматика и вычислительная техника

Dades bibliogràfiques
Parent link:Известия Томского политехнического института [Известия ТПИ]/ Томский политехнический институт (ТПИ).— , 1944-1976
Т. 294 : Автоматика и вычислительная техника.— 1976.— [С. 112-117]
Autor principal: Танасейчук В. М.
Altres autors: Разин В. М. Виктор Мартемьянович
Sumari:Заглавие с титульного листа
Электронная версия печатной публикации
Основным достоинством аппаратурного контроля (АК) является возможность его использования для непрерывной диагностики объекта в процессе функционирования. Для рассматриваемого класса цифровых информационных систем (ЦИС) АК является единственным видом контроля, обнаруживающим появление ошибок в процессе пре­образования информации. Однако не всегда имеется возможность охватить АК все устройства ЦИС. В статье рассматривается один из возможных подходов, с использованием теории марковских процессов, к оценке коэффициента готовности ЦИС с учетом глубины охвата контролем, ненадежности схем АК и принятого порядка обслуживания.
Idioma:rus
Publicat: 1976
Matèries:
Accés en línia:Черно-белая версия для предварительного просмотра
Цветная версия без потери качества
Format: MixedMaterials Electrònic Capítol de llibre
KOHA link:https://koha.lib.tpu.ru/cgi-bin/koha/opac-detail.pl?biblionumber=240094

MARC

LEADER 00000nla2a2200000 4500
001 240094
005 20231031205601.0
035 |a (RuTPU)RU\TPU\book\261342 
035 |a RU\TPU\book\261337 
090 |a 240094 
100 |a 20130619d1976 k y0rusy50 ca 
101 0 |a rus 
102 |a RU 
135 |a drnn ---uucaa 
181 0 |a i  
182 0 |a b 
200 1 |a Учет влияния аппаратурного контроля на коэффициент готовности одного класса цифровых информационных систем  |b Электронный ресурс  |f В. М. Танасейчук, В. М. Разин 
203 |a Текст  |c электронный 
215 |a 2 файла (225 Кб, 6.9 Мб) 
230 |a Электронные текстовые данные (2 файла : 225 Кб, 6.9 Мб) 
300 |a Заглавие с титульного листа 
300 |a Электронная версия печатной публикации 
320 |a [Библиогр.: с. 117 (3 назв.)] 
330 |a Основным достоинством аппаратурного контроля (АК) является возможность его использования для непрерывной диагностики объекта в процессе функционирования. Для рассматриваемого класса цифровых информационных систем (ЦИС) АК является единственным видом контроля, обнаруживающим появление ошибок в процессе пре­образования информации. Однако не всегда имеется возможность охватить АК все устройства ЦИС. В статье рассматривается один из возможных подходов, с использованием теории марковских процессов, к оценке коэффициента готовности ЦИС с учетом глубины охвата контролем, ненадежности схем АК и принятого порядка обслуживания. 
337 |a Adobe Reader 
461 1 |0 (RuTPU)RU\TPU\book\200995  |t Известия Томского политехнического института [Известия ТПИ]  |f Томский политехнический институт (ТПИ)  |d 1944-1976 
463 1 |0 (RuTPU)RU\TPU\book\261297  |t Т. 294 : Автоматика и вычислительная техника  |v [С. 112-117]  |d 1976  |p 156 с. 
610 1 |a электронный ресурс 
610 1 |a труды учёных ТПУ 
675 |a 62-5:681.3-19  |v 3 
700 1 |a Танасейчук  |b В. М. 
701 1 |a Разин  |b В. М.  |c специалист в области информатики и вычислительной техники  |c профессор Томского политехнического университета  |f 1925-2007  |g Виктор Мартемьянович  |2 stltpush  |3 (RuTPU)RU\TPU\pers\19856 
801 1 |a RU  |b 63413507  |c 20090320  |g PSBO 
801 2 |a RU  |b 63413507  |c 20130627  |g PSBO 
856 4 |u http://www.lib.tpu.ru/fulltext/v/Bulletin_TPU/1976/v294/24_bw.pdf  |z Черно-белая версия для предварительного просмотра 
856 4 |u http://www.lib.tpu.ru/fulltext/v/Bulletin_TPU/1976/v294/24_full.pdf  |z Цветная версия без потери качества 
942 |c CF